| 000 | 02225nam a22002897a 4500 | ||
|---|---|---|---|
| 001 | 10146 | ||
| 003 | FISKH | ||
| 005 | 20260428161900.0 | ||
| 008 | 260427b cb ||||| |||| 00| 0 eng d | ||
| 020 | _a9789924341857 | ||
| 040 |
_aFISKH _bkhr _cFISKH _dFISKH |
||
| 082 | _a895.9329 | ||
| 100 | _aWitek , Jo | ||
| 245 |
_aខ្ញុំអាយុ១៤ឆ្នាំ / _cនិពន្ធដោយ ហ្សូ វីតេក , បកប្រែពីភាសាបារាំងដោយ ឡាច រតនា , រូបភាពដោយ សេង វិសុទ្ធ |
||
| 260 |
_aភ្នំពេញ : _bគ្រឹះស្ថានបោះពុម្ពផ្សាយ Sipar , _c2023. |
||
| 300 |
_a125 pages : _billustrations ; _c19 cm. |
||
| 505 | _aS | ||
| 520 | _aវិស្សមកាលនេះ ខ្ញុំត្រលប់មកផ្ទះដោយអង្គុយលើម៉ូតូម៉ូប៊ីឡែតពីក្រោយពូប្លាប្លា ។ ទោះជាឈីគូថក៏ដោយ ក៏ខ្ញុំរីករាយ និងរំពឹងត្រឡប់ទៅជួបគ្រួសារដែរ ។ តែខ្ញុំអាយុ14ឆ្នាំ ហើយនេះមិនមែនជាដំណឹងល្អទេ ។ ខ្ញុំពេញវ័យហើយ ហើយនេះមិនមែនជាដំណឹងល្អទេ ។ ខ្ញុំគ្រប់ការហើយ ហើយនេះមិនមែនជាដំណឹងល្អទេ ។ | ||
| 520 | _aThis vacation, I returned home sitting on the back of my uncle’s motorbike. Even though it was uncomfortable, I was happy and excited to see my family again. But I am 14 years old now, and that is not good news. I am growing up, and that is not good news. I feel like I have to deal with everything, and that is not good news. | ||
| 521 | 8 |
_a790
_bLexile estimate |
|
| 521 | 8 |
_aS
_bRaz-Plus |
|
| 650 |
_aខ្ញុំអាយុ១៤ឆ្នាំ _vប្រលោមលោក |
||
| 650 |
_aI am 14 years old _vFiction |
||
| 700 |
_aVisoth , Seng _eIllustrator |
||
| 942 |
_2ddc _cKHB _n0 |
||
| 999 |
_c10146 _d10146 |
||